| 000 | 00850cas a22002297a 4500 | ||
|---|---|---|---|
| 999 |
_c6983 _d6983 |
||
| 003 | OSt | ||
| 005 | 20231121111139.0 | ||
| 008 | 161220c20109999spcau p|s|||||| b0cat|d | ||
| 040 |
_bcat _cCDMR |
||
| 110 | 2 | _aConsell Nacional de la Cultura i de les Arts (Catalunya) | |
| 245 | 1 | 0 |
_aInforme anual sobre l'estat de la cultura i de les arts a Catalunya _h[Recurs electrònic] _cCoNCA |
| 256 | _aRevista electrònica | ||
| 260 |
_a[Barcelona] : _bConsell Nacional de la Cultura i de les Arts (CoNCA), _cDL 2010- |
||
| 310 | _aAnual | ||
| 362 | 0 | _a2010- | |
| 500 | _aTítol obtingut de la pàgina principal | ||
| 530 | _aTambé es publica en versió impresa | ||
| 650 | 0 |
_aIndústries culturals _94171 _zCatalunya |
|
| 655 | 4 | _aAnuaris | |
| 856 | 4 | 0 |
_zAccés en línia _uhttp://conca.gencat.cat/ca/publicacions/informe-anual-conca/ |
| 942 |
_cSER-E _2udc |
||